00639nam a22001577a 4500020001800000082001800018245012100036260002600157300001600183504002300199563000700222650004300229942001200272999001900284952017800303 a978-946442895 a332.6019bBEH aBehavioral Finance, Capital Market Expectations: b2020 CFA Program Curriculum Level III, Volume 2 /cCFA Institute. aUSA :bWiley ,c2019. aix, 273p. : aGlossary included. aPB a​Capital Market Expectations9128680 2ddccBK c613579d613579 00102ddc406332_601900000000000_BEH709639471aCLbCLd2025-04-13eProgressive International Agencies (PVT)g9436.80l0o332.6019 BEHpCL-1668r2025-04-16w2025-04-16yBK